LEADER 03493nam 22007334a 450 001 9910455093603321 005 20200520144314.0 010 $a1-282-39938-1 010 $a9786612399381 010 $a90-474-3141-3 024 7 $a10.1163/ej.9789004168428.i-258 035 $a(CKB)1000000000821744 035 $a(EBL)467910 035 $a(OCoLC)592756355 035 $a(SSID)ssj0000341082 035 $a(PQKBManifestationID)11243871 035 $a(PQKBTitleCode)TC0000341082 035 $a(PQKBWorkID)10388992 035 $a(PQKB)11300010 035 $a(MiAaPQ)EBC467910 035 $a(OCoLC)227570867$z(OCoLC)229464633 035 $a(nllekb)BRILL9789047431411 035 $a(PPN)174398484 035 $a(Au-PeEL)EBL467910 035 $a(CaPaEBR)ebr10363814 035 $a(CaONFJC)MIL239938 035 $a(EXLCZ)991000000000821744 100 $a20080424d2008 uy 0 101 0 $aeng 135 $aur|n|---||||| 181 $ctxt 182 $cc 183 $acr 200 10$aOn cultural rights$b[electronic resource] $ethe equality of nations and the minority legal tradition /$fWilliam Kurt Barth 210 $aLeiden ;$aBoston $cMartinus Nijhoff Publishers$d2008 215 $a1 online resource (272 p.) 225 0 $aNijhoff eBook titles 2008 300 $aDescription based upon print version of record. 311 $a90-04-16842-7 320 $aIncludes bibliographical references (p. [219]-237) and indexes. 327 $aOn cultural rights : introduction, research methodology, and literature review -- History of the minority question -- Minority protection in the era of human rights -- The minority regime and the aboriginal peoples of Canada -- Minority rights and the Roma of Europe -- Conclusion. 330 $aThis work addresses the question: how has the evolution of a legal regime within the United Nations and regional organisations influenced state behaviour regarding recognition of minority groups? The author assesses the implications of this regime for political theorists? account of multiculturalism. This research bridges a gap between normative questions in political theory on multiculturalism and the international law on minorities. It does so by means of case studies of legal challenges involving two groups, namely, the Aboriginal peoples of Canada, and the Roma peoples in Europe. The author concludes by discussing the normative implications of the minority regime for helping to resolve conflicts that arise out of state treatment of minority groups. 606 $aMinorities$xLegal status, laws, etc 606 $aMulticulturalism$xLaw and legislation 606 $aMinorities$xLegal status, laws, etc$zCanada 606 $aMulticulturalism$xLaw and legislation$zCanada 606 $aMinorities$xLegal status, laws, etc$zEurope 606 $aMulticulturalism$xLaw and legislation$zEurope 608 $aElectronic books. 615 0$aMinorities$xLegal status, laws, etc. 615 0$aMulticulturalism$xLaw and legislation. 615 0$aMinorities$xLegal status, laws, etc. 615 0$aMulticulturalism$xLaw and legislation 615 0$aMinorities$xLegal status, laws, etc. 615 0$aMulticulturalism$xLaw and legislation 676 $a346.01/3 700 $aBarth$b William Kurt$0917527 801 0$bMiAaPQ 801 1$bMiAaPQ 801 2$bMiAaPQ 906 $aBOOK 912 $a9910455093603321 996 $aOn cultural rights$92057201 997 $aUNINA LEADER 03255nam 2200685 450 001 9910827003703321 005 20230803200432.0 010 $a3-11-036993-1 010 $a3-11-039280-1 024 7 $a10.1515/9783110369939 035 $a(CKB)3360000000515468 035 $a(EBL)1727145 035 $a(SSID)ssj0001402341 035 $a(PQKBManifestationID)11884359 035 $a(PQKBTitleCode)TC0001402341 035 $a(PQKBWorkID)11358120 035 $a(PQKB)11255199 035 $a(MiAaPQ)EBC1727145 035 $a(DE-B1597)429414 035 $a(OCoLC)898769870 035 $a(OCoLC)951147583 035 $a(DE-B1597)9783110369939 035 $a(Au-PeEL)EBL1727145 035 $a(CaPaEBR)ebr11013943 035 $a(CaONFJC)MIL807956 035 $a(EXLCZ)993360000000515468 100 $a20150210h20142014 uy 0 101 0 $ager 135 $aur|n|---||||| 181 $ctxt 182 $cc 183 $acr 200 10$aKritik der westlichen Philosophie in Iranhhari $ezum geistesgeschichtlichen Selbstversta?ndnis von Muhammad Husayn Tabataba'i und Murtaza Mutahhari /$fUrs Go?sken 210 1$aBerlin, [Germany] :$cWalter de Gruyter GmbH,$d2014. 210 4$d©2014 215 $a1 online resource (494 p.) 225 0 $aWelten des Islams/Worlds of Islam/Mondes de l'Islam ;$vBand 6 300 $aDescription based upon print version of record. 311 $a3-11-036996-6 311 $a3-11-037515-X 320 $aIncludes bibliographical references. 327 $t Frontmatter -- $tDanksagung -- $tInhaltsverzeichnis -- $t1. Vorbemerkungen -- $t2. ?ab??ab???s Leben und Wirken -- $t3. ?ab??ab???s und Mu?ahhar?s Westbetrachtung im Zeichen des vierten Weges anhand des Werkes Die Prinzipien der Philosophie und die Methode des Realismus -- $t3.1 "Was ist Philosophie?" - und was nicht? -- $t3.2 Untersuchung und Beurteilung philosophischer Lehren des Abendlandes im Lichte des vierten Weges -- $t4. Gesamtbefund und Folgerungen -- $t5. Die Prinzipien der Philosophie und die Methode des Realismus vor dem Hintergrund des vorrevolutionären intellektuellen Westdiskurses -- $t6. Literaturverzeichnis -- $tRegister 330 $a The contentious engagement with Western thought is one of the focal points of Iranian intellectual life. This volume examines two major figures in 20th century Iranian intellectual history, Muhammad Husayn Tabatabai? (1903-1981) and Mortaza Motahhari (1920-1979), and presents their historical views on Western and Islamic philosophy. It also describes the impact of their ideas on pre-revolutionary Iranian thinking. 410 0$aWelten des Islams - Worlds of Islam - Mondes de l'Islam 606 $aPhilosophy$zIran$xHistory 606 $aIslamic philosophy$zIran$xHistory 610 $aIntellectual history. 610 $aIslamic philosophy. 610 $ahistory of ideas. 615 0$aPhilosophy$xHistory. 615 0$aIslamic philosophy$xHistory. 676 $a181/.5 700 $aGo?sken$b Urs$01682922 801 0$bMiAaPQ 801 1$bMiAaPQ 801 2$bMiAaPQ 906 $aBOOK 912 $a9910827003703321 996 $aKritik der westlichen Philosophie in Iranhhari$94053347 997 $aUNINA